000
00232nam a2200097Ia 4500
008
240331s9999 xx 000 0 und d
082
_b
SAH
100
_a
Sahabdeen, M.A.M.
245
4
_a
The Sufi doctrine in Tamil literature
942
_c
L
999
_c
3384
_d
3384